| 000 | 00936nam0a2200277 4500 | ||
|---|---|---|---|
| 001 | RU\NLR\bibl\923642 | ||
| 005 | 20250614190839.0 | ||
| 010 |
_a5-7850-0112-8 _910000 |
||
| 021 |
_aRU _b2006-7853 _9377 |
||
| 035 | _a(NLR Aleph) 000911911 | ||
| 090 |
_a45032 _c45032 |
||
| 100 | _a20060330d2006 |||y0rusy50 ca | ||
| 101 | 0 | _arus | |
| 102 | _aRU | ||
| 105 | _aa ||||||||| | ||
| 200 | 1 |
_aЧто надо знать вступающим в брак _eкнига для родителей, женихов и невест, свидетелей |
|
| 210 |
_aМосква _cКовчег _d2006 |
||
| 215 |
_a31,[1] с. _cил. _d17 |
||
| 606 | 1 |
_aБрак _xПравославная концепция _92054948 _3RU\NLR\auth\661232302 |
|
| 686 | _aЭ372.24-503.265 | ||
| 801 | 0 |
_aRU _bNLR _c20060330 _grcr |
|
| 801 | 1 |
_aRU _bNLR _c20060330 |
|
| 942 | _cBOOK | ||
| 980 | _aNB | ||